A Quinta Essência (Registo nº 5968)

Detalhes MARC
000 -Etiqueta do registo
Valores 00619nam 22002173 4500
021 ## - Número do Depósito Legal
Número 29588/89
100 ## - Dados gerais de processamento
Dados gerais 20211231d1989 u||y0pory50 ba
200 ## - Titulo e menção de responsabilidade
Título próprio A Quinta Essência
Primeira menção de responsabilidade Moebius, Jodorowsky
210 ## - Publicação
Local de publicação Lisboa
Nome do editor Meribérica/Liber
Data de publicação [1989]
215 ## - Descrição física 
Paginação / Volumes 45 p.
Outras indicações físicas il.
225 ## - Colecção 
Título próprio da colecção O Incal
Menção de responsabilidade Moebius, Jodorowsky
Indicação de volume 5
Número de parte ou secção 1
304 ## - Nota relativa ao título
Texto de nota La Cinquieme Essence Tome 1<br/>La Galaxie que Songe
606 ## - Nome comum usado como assunto
ID Autoridade 1862
Palavra de ordem Banda Desenhada
675 ## - CDU
Notação 82-9
Língua por
700 ## - Autor principal (pessoa individual)
ID Autoridade 5193
Apelido Moebius
701 ## - Co-autor principal (pessoa individual)
ID Autoridade 5650
Apelido Jodorowsky
Datas 1929-
801 ## - Fonte de origem
País PT
Agência BMVN
Regras de catalogação RPC
830 ## - Notas gerais do catalogador
Criado por Inês Silva
Data de criação 31/12/2021
990 ## - Elementos KOHA
Tipo de documento Livro
Exemplares
Situação do levantamento Biblioteca de origem Código de barras Cota Numeração (volume ou parte) Permissão de empréstimo Tipo de documento Forma de aquisição
  Biblioteca Municipal de Vendas Novas 100000022613 BD QUI/GAL 1   Livro  
  Biblioteca Municipal de Vendas Novas 100000022610 BD QUI/GAL 2   Livro  

Powered by Koha